| 000 | 00884cas a22001935a 4500 | ||
|---|---|---|---|
| 001 | L149483 | ||
| 008 | 070613c1963 xxkwr p 0 a0eng | ||
| 022 | 1 | _a1361-1682 | |
| 035 | _a(Sirsi) u149483 | ||
| 041 | 0 | _aeng | |
| 245 |
_aTransactions in GIS _h[electronic resource] |
||
| 260 |
_aOxford _bBlackwell Publishing _c1999- |
||
| 520 | _aPeer reviewed coverage of GIS research. GIS (Geographic Information System) is organized activity by which people measure and represent geographic phenomena then transform these representations into other forms while interacting with social structures. | ||
| 651 | 4 | _aInternational | |
| 690 | _aENVIRONMENTAL AND LAND CONSULTANCY-GEOMATICS-MAPPING AND POSITIONING-CARTOGRAPHY | ||
| 856 | 4 | 1 |
_uhttps://www.rics.org/profession-standards/knowledge-and-information-services _zHow to access eJournals |
| 942 |
_n0 _2ddc |
||
| 948 | _c08/03/2010 | ||
| 999 |
_c119277 _d119277 |
||